000 01050nam a2200241 a 4500
001 000017898
005 20240306073904.0
008 100407s1982 dr a r 000 0 spa d
040 _aDO-SdBNP
_bspa
_cBNPHU
082 _a923.17293
_bR669f
100 1 _aRoca, Frank
_914836
245 1 0 _aFrancisco Gregorio Billini :
_baporte a la divulgación del prócer /
_cFrank Roca ; prólogo Vetilio Alfau Durán.
260 _aSanto Domingo :
_bUniversidad Nacional Pedro Henríquez Ureña (UNPHU),
_c1982.
300 _a209 P. :
_bil. ;
_c22 cm.
504 _aIncluye referencias bibliográficas y notas al pie de las páginas
504 _aBibliografía : p. 203-204
590 _aInventariado, 2019/BT
600 1 4 _aBILLINI, FRANCISCO GREGORIO,
_d1844-1898
_xCRÍTICA E INTERPRETACIÓN
_927157
600 1 4 _aBILLINI, FRANCISCO GREGORIO,
_d1844-1898
_xCORRESPONDENCIA, MEMORIAS, ETC.
_938835
650 0 _aPoesía dominicana
_966
651 4 _aRepública Dominicana
_xHistoria,
_y1844-1898
_938836
700 1 _aAlfau Durán, Vetilio,
_d1909-1985
_epról.
_910091
999 _c17422
_d17422